Cultivos forrajeros / Johan D. Berlijn y Abel E. Bernardon; colaborador F. R. Kirchner Salinas; F. Orozco Luna, revisión (Record no. 216927)
[ view plain ]
| 000 -CABECERA | |
|---|---|
| campo de control de longitud fija | 01260nam a2200289Ia 4500 |
| 001 - NÚMERO DE CONTROL | |
| campo de control | Z_4219 |
| 008 - DATOS DE LONGITUD FIJA--INFORMACIÓN GENERAL | |
| campo de control de longitud fija | 220601s9999 xx 000 0 und d |
| 020 ## - NÚMERO INTERNACIONAL ESTÁNDAR DEL LIBRO | |
| Número Internacional Estándar del Libro | 968-24-1120-3 |
| 082 ## - NÚMERO DE LA CLASIFICACIÓN DECIMAL DEWEY | |
| Número de clasificación | 633.2 C85 |
| 245 ## - MENCIÓN DE TÍTULO | |
| Título | Cultivos forrajeros / Johan D. Berlijn y Abel E. Bernardon; colaborador F. R. Kirchner Salinas; F. Orozco Luna, revisión |
| 260 ## - PUBLICACIÓN, DISTRIBUCIÓN, ETC. | |
| Lugar de publicación, distribución, etc. | México : Trillas |
| 300 ## - DESCRIPCIÓN FÍSICA | |
| Extensión | 80 p. |
| 440 ## - MENCIÓN DE SERIE/PUNTO DE ACCESO ADICIONAL--TÍTULO | |
| Título | Manuales para educación agropecuaria: Área producción vegetal ; 19 |
| 9 (RLIN) | 181149 |
| 500 ## - NOTA GENERAL | |
| Nota general | Basado en el trabajo de Johan D. Berlijn y Abel E. BernardonEste manaual ha sido elaborado dentro de un proyecto de cooperación técnica internacional de la DGETA, SEP, FAO Y PNUD. |
| 503 ## - NOTA DE HISTORIA BIBLIOGRÁFICA (BK CF MU) [OBSOLETO] | |
| Nota de historia bibliográfica | ej.1: - ej.3: C/E |
| 504 ## - NOTA DE BIBLIOGRAFÍA, ETC. | |
| Nota de bibliografía, etc. | Incluye índice |
| 650 ## - PUNTO DE ACCESO ADICIONAL DE MATERIA--TÉRMINO DE MATERIA | |
| Término de materia o nombre geográfico como elemento de entrada | 1. Forrajes |
| 650 ## - PUNTO DE ACCESO ADICIONAL DE MATERIA--TÉRMINO DE MATERIA | |
| Término de materia o nombre geográfico como elemento de entrada | Plantas forrajeras - Manuales |
| 650 ## - PUNTO DE ACCESO ADICIONAL DE MATERIA--TÉRMINO DE MATERIA | |
| Término de materia o nombre geográfico como elemento de entrada | Plantas forrajesras - Cultivos - Manuales |
| 700 ## - PUNTO DE ACCESO ADICIONAL--NOMBRE DE PERSONA | |
| Nombre de persona | I. Berlijn, Johan D. \ II. Bernardon, Abel E. \ III. Kirchner Salinas, F. R., colab. \ IV. Orozco Luna, F., rev. |
| 9 (RLIN) | 181151 |
| 710 ## - PUNTO DE ACCESO ADICIONAL--NOMBRE DE ENTIDAD CORPORATIVA | |
| Nombre de entidad corporativa o nombre de jurisdicción como elemento de entrada | V. México. Dirección General de Educación Tecnológica AgropecuariaÌ |
| 9 (RLIN) | 181152 |
| 901 ## - ELEMENTOS DE DATOS A LOCAL LDA (RLIN) | |
| a | 633.2 C85 |
| 902 ## - ELEMENTOS DE DATOS B LOCAL, LDB (RLIN) | |
| a | M |
| 905 ## - ELEMENTOS DE DATOS E LOCAL, LDE (RLIN) | |
| a | 0000001982 reimpo. 1987 mx a 0000000000spa00 |
| 942 ## - ELEMENTOS DE PUNTO DE ACCESO ADICIONAL (KOHA) | |
| Tipo de ítem Koha | Folleto__ |
| Estado de retiro | Estado de pérdida | Estado dañado | No para préstamo | Localización permanente | Ubicación/localización actual | Ubicación en estantería | Fecha de adquisición | Total de préstamos | Código de barras | Fecha visto por última vez | Número de copia | Precio válido a partir de | Tipo de ítem Koha | Nota pública | Fecha del último préstamo |
|---|---|---|---|---|---|---|---|---|---|---|---|---|---|---|---|
| Zootecnia | Parasitologia Agricola | 02/04/2012 | 1 | z_3123 | 07/03/2024 | 2 | 02/06/2022 | Folleto | 3 | 07/03/2024 | |||||
| Zootecnia | Zootecnia | 02/04/2012 | z_3124 | 02/06/2022 | 3 | 02/06/2022 | Folleto | 3 | |||||||
| Zootecnia | Zootecnia | 02/04/2012 | z_3122 | 02/06/2022 | 1 | 02/06/2022 | Folleto | 2 |
